Adieu Mimi

Podrobná bibliografia
Hlavný autor: Benatzky, Falf (Autor)
Médium: Kniha
Jazyk:slovenčina
Fyzický popis:158 s. 4°
Vydavateľské údaje: Bratislava Čs. televízia 1967

MARC

LEADER 00000nam a2200000 a 4500
001 vtls001263152
003 SK-MaSNL
005 20260301195253.0
008 240315s1967 xo 0 slo
035 |a SNK000214051 
040 |a SNK  |b slo  |c SNK  |e AACR2 
044 |a xo  |c SK 
100 1 |a Benatzky, Falf  |4 aut  |9 577030 
245 1 |a Adieu Mimi  |c Falf Benatzky 
260 |a Bratislava  |b Čs. televízia  |c 1967 
300 |a 158 s.  |c 4° 
958 |a OND 
999 |c 884816  |d 886746 
952 |t P60, <03>, [BOOK], {603}  |a SNK  |b SNK  |y PREZ  |7 0  |o snkOSB 737  |i snkKSP 455/69  |0 0  |1 0  |4 0  |d 1996-10-10  |l 0  |r 2005-01-01 00:00:00  |w 2026-02-24